| 000 | 00482nam a2200193Ia 4500 | ||
|---|---|---|---|
| 003 | OSt | ||
| 005 | 20260123110747.0 | ||
| 008 | 250729s2003 xx 000 0 und d | ||
| 040 | _cAL | ||
| 041 | _aeng | ||
| 082 | _a020.2 GOKS | ||
| 100 |
_aGovt of Karnataka _9227883 |
||
| 245 | _aSocial science geography and economics 10 std part II | ||
| 260 |
_aBangalore _c2003 |
||
| 300 | _a124p | ||
| 650 |
_aHistory _9227884 |
||
| 700 |
_aGoo Digumurthi _9227885 |
||
| 942 |
_2ddc _cBED |
||
| 999 |
_c237808 _d237808 |
||